| 000 | 00965pam a2200277 a 4500 | ||
|---|---|---|---|
| 999 |
_c13523 _d13523 |
||
| 001 | 3524766 | ||
| 003 | OSt | ||
| 005 | 20181005123440.0 | ||
| 008 | 960523s1996 njua 001 0 eng | ||
| 010 | _a 96022996 | ||
| 020 | _a0134564014 | ||
| 040 |
_aDLC _cDLC _dDLC |
||
| 050 | 0 | 0 |
_aQA 531 _b.S86 1996 |
| 082 | 0 | 0 |
_a516.24 _220 |
| 100 | 1 | _aSullivan, Michael. | |
| 245 | 1 | 0 |
_aTrigonometry : _bEnhanced with graphing utilities / _cMichael Sullivan & Michael Sullivan III. |
| 260 |
_aUpper Saddle River, NJ : _bPrentice Hall, _c1996. |
||
| 300 |
_axvi, 559 [74]p.: _bill.; [some col.] _c27 cm. |
||
| 504 | _aIncludes index. | ||
| 650 | 0 | _aTrigonometry. | |
| 650 | 0 | _aGraphic calculators. | |
| 700 | 1 | _aSullivan, Michael. | |
| 906 |
_a7 _bcbc _corignew _d1 _eocip _f19 _gy-gencatlg |
||
| 942 |
_2lcc _cBOOKS _hQA 531 .S86 1996 _03 |
||